|
|
|
|
| LEADER |
00000ngm a22000007i 4500 |
| 001 |
IT\ICCU\UBO\1423452 |
| 003 |
ItRI |
| 005 |
20260124182829.0 |
| 008 |
010904quuuuuuuuun |||||||||||||||k|||||c |
| 028 |
4 |
2 |
|a NO 62812
|
| 040 |
|
|
|b ita
|
| 041 |
|
7 |
|a ita
|2 ISO-639-2
|
| 130 |
0 |
|
|a Taxi zum klo <film ; 1980>
|3 IT\ICCU\CAG\0925600
|
| 245 |
0 |
0 |
|a Ai cessi in tassì /
|c regia: Frank Ripploh ; soggetto e sceneggiatura Frank Ripploh ; musiche Hans Wittsatt.
|
| 300 |
|
|
|a [S. l.] :
|b Number One Video, [199.?] - 1 videocassetta (VHS) (ca. 92 min.) : color., son
|
| 500 |
|
|
|a Tit. del contenitore
|
| 500 |
|
|
|a Ripr. del film del 1980; interpreti Frank Ripploh, Bern Broaderup; vincitore della medaglia d'oro al Chicago festival e del premio Max Ophuls al Festival di Berlino
|
| 500 |
|
|
|a Vietato ai minori di 18 anni. -
|
| 700 |
1 |
|
|a Ripploh, Frank
|0 IT\ICCU\UBOV\547322
|
| 700 |
1 |
|
|a Wittstatt, Hans
|0 IT\ICCU\UBOV\547324
|
| 700 |
1 |
|
|a Broaderup, Bern
|0 IT\ICCU\UBOV\547325
|
| 942 |
|
|
|2 ddc
|c VM
|n 0
|
| 952 |
|
|
|0 0
|1 0
|4 0
|6 VO_64_000000000000000
|7 0
|9 26917
|a BO
|b BO
|d 2026-01-24
|i 6264
|l 0
|o VO 64
|p BO6264
|r 2026-01-24 18:28:29
|w 2026-01-24
|x [Sebina 5] [1 videocassetta]
|y VM
|z 1 videocassetta
|
| 952 |
|
|
|0 0
|1 0
|4 0
|6 VO_703_000000000000000
|7 0
|9 26918
|a BO
|b BO
|d 2026-01-24
|i 6654
|l 0
|o VO 703
|p BO6654
|r 2026-01-24 18:28:29
|w 2026-01-24
|x [Sebina 5] [1 videocassetta]
|y VM
|z 1 videocassetta
|
| 999 |
|
|
|c 22769
|d 22769
|